Locaȯ̂ Urbana

Detalles Bibliográficos
Autor principal: Atui, Dimas Elias
Formato: eBook
Lenguaje:portugués
Publicado: San Pablo: JH Mizuno, 2016
Materias:
Acceso en línea:Acceso restringido

MARC

LEADER 00000nam a22000007a 4500
005 20180227222243.0
007 cr|||| ||||
008 180227s2016 br |||||s|||| 00||0 por d
020 |a 978-85-7789-299-0 
035 |a 21019 
040 |a vLex 
090 |c 7427  |d 7427 
100 1 |a Atui, Dimas Elias 
245 1 0 |a Locaȯ̂ Urbana  |h [Recurso electrn̤ico] /  |c Dimas Elias Atui 
256 |a Servicio en ln̕ea 
260 |a San Pablo:  |b JH Mizuno,  |c 2016 
300 |a 1 recurso electrn̤ico 
500 |a O leitor atuante ou nô no setor de locaȯ̂ imobilir̀ia ? encontrar ̀aqui uma anl̀ise detalhada, artigo por artigo, mediante comentr̀ios especf̕icos abordando a locaȯ̂ urbana no Pas̕ ̉luz da Lei federal nð 8.245/1991. Anl̀ise essa feita em cotejo com a jurisprudn̊cia dominante nos Tribunais de Sô Paulo, Paran,̀ Santa Catarina e outros. Assim, as regras de formaȯ̂, execuȯ̂ e cessaȯ̂ das locaė̳s se acham estudadas e comentadas em relaȯ̂ ̉interpretaȯ̂ e aplicaȯ̂ de cada dispositivo da lei inquilinr̀ia. Tanto as regras gerais de locaȯ̂ (Arts. 1ð a 45) como as regras especiais (Arts. 46 a 57) e as procedimentais, atinentes s̉ aė̳s judiciais decorrentes de locaȯ̂, se encontram pormenorizadas. Em complemento, o leitor deparar ̀nos trs̊ l︢timos capt̕ulos com a parte prt̀ica: extrajudicial e judicial, j ̀sob a t̤ica do novo Cd̤igo de Processo Civil vigente a partir de 18 de marȯ de 2016; peȧs e modelos que poderô ser t︢eis aos advogados e estudantes do Direito, bem como aos corretores e proprietr̀ios, podendo-se obviamente adaptar os modelos e peȧs s̉ situaė̳s concretas do dia a dia, no ḿbito e em cumprimento ̉Lei federal 8.245/1991. 
506 1 |a Disponible solo en los productos indicados  |d vLex Global  |d vLex Global (Academic Edition, excluding Law Schools)  |d vLex Global (U.S. Academic Edition, Law Schools)  |d vLex Global (U.S. Academic Edition, excluding Law Schools)  |d vLex Global (Academic Edition, Law Schools) 
650 0 4 |a Derecho Civil  |z Brasil 
650 0 4 |a Derecho Pb︢lico y Administrativo  |z Brasil 
740 0 |a vLex Libros (Servicio en ln̕ea) 
856 4 0 |u http://vlex.com/source/loca-o-urbana-21019  |z Acceso restringido 
942 |c BOOK 
999 0 |a Civil Law 
999 0 |a Public and Administrative Law